Coupe du monde, Ballon d'or et Ligue des champions - Statistiques

Statistiques générales
  • Ce quiz a été pris 255 fois
    9 depuis la dernière actualisation
  • Le résultat moyen est 8 sur 10
Statistiques - réponses
Coupe du monde Ballon d'or Ligue des champions de l'UEFA Footballeur % Correct
1 (2022) 8 (2009; 2010; 2011; 2012; 2015; 2019; 2021; 2023) 4 (2005/06; 2008/09; 2010/11; 2014/15) Lionel Messi
100%
1 (1966) 1 (1966) 1 (1967/68) Bobby Charlton
86%
1 (2002) 1 (2007) 1 (2006/07) Kaká
86%
1 (2002) 1 (1999) 1 (2002/03) Rivaldo
86%
1 (2002) 1 (2005) 1 (2005/06) Ronaldinho
86%
1 (1998) 1 (1998) 1 (2001/02) Zinédine Zidane
86%
1 (1974) 2 (1972; 1976) 3 (1973/74; 1974/75; 1975/76) Franz Beckenbauer
71%
1 (1974) 1 (1970) 3 (1973/74; 1974/75; 1975/76) Gerd Müller
71%
1 (1982) 1 (1982) 1 (1984/85) Paolo Rossi
71%
1 (2018) 1 (2025) 1 (2024/25) Ousmane Dembélé
57%
Aucun quiz correspondant
Distribution des résultats
% des personnes avec chaque résultat
Percentile par nombre de réponses
Votre historique - résultats
Vous n’avez pas pris ce quiz depuis la dernière actualisation